|
|
|
|
| LEADER |
00000cam a2200000 a 4500 |
| 001 |
vtls011473149 |
| 003 |
SK-MaSNL |
| 005 |
20260301135023.0 |
| 008 |
240318s2013 gw g n 000 0 ger |
| 015 |
|
|
|a SNBZSA2016
|
| 020 |
|
|
|a 9783656555230
|q (brožované)
|
| 035 |
|
|
|a urn:nbn:sk:snk-am00cwe9
|
| 035 |
|
|
|a urn:nbn:sk:snk-am3hn9o
|
| 035 |
|
|
|a 0D2243CC-97B5-4035-8118-0CD8CDEDC5A1
|
| 040 |
|
|
|a SNK
|b slo
|c SNK
|e AACR2
|
| 041 |
0 |
|
|a ger
|
| 043 |
|
|
|a e-cs---
|
| 044 |
|
|
|a gw
|c DE
|
| 072 |
|
7 |
|a 94(437)
|x Dejiny Československa
|2 konspekt
|
| 080 |
|
|
|a (=162.3):(=162.4)
|2 2011
|
| 080 |
|
|
|a 94(437)
|2 2011
|
| 080 |
|
|
|a (048.8)
|2 2011
|
| 100 |
1 |
|
|a Kotowski, Christoph
|4 aut
|9 489754
|
| 245 |
1 |
4 |
|a Das friedliche Ende der Tschechoslowakei
|b warum es zwischen Tschechen und Slowaken nach dem Ende des Realsozialismus nicht zum Krieg kam
|c Christoph Kotowski
|
| 260 |
|
|
|a [München]
|b GRIN Verlag GmbH
|c 2013
|
| 300 |
|
|
|a 18 s.
|c 21 cm
|
| 504 |
|
|
|a Bibliografia: s. 15-18
|
| 650 |
0 |
7 |
|a rozdelenie Československa (1992)
|2 SNK
|9 66721
|
| 650 |
0 |
7 |
|a Partition of Czechoslovakia (1992)
|2 SNK
|9 277206
|
| 650 |
0 |
7 |
|a Slováci a Česi
|2 SNKPH
|9 69921
|
| 650 |
0 |
7 |
|a Slovaks and Czechs
|2 SNKPHeng
|9 266819
|
| 651 |
|
7 |
|a Československo
|x dejiny
|2 SNKPH
|9 161432
|
| 651 |
|
7 |
|a Czechoslovakia
|x History
|2 SNKPHeng
|9 125910
|
| 655 |
|
7 |
|a monografie
|2 SNKPH
|9 70139
|
| 655 |
|
7 |
|a Monographs
|2 SNKPHeng
|9 120675
|
| 919 |
|
|
|a 978-3-656-55523-0
|
| 958 |
|
|
|a NB
|
| 958 |
|
|
|a ZS
|
| 999 |
|
|
|c 758831
|d 760761
|
| 952 |
|
|
|a SNK
|b SNK
|y PREZ
|7 0
|p 17A1180115
|o snkSC 168608
|i snk2016/4747
|8 4
|g 14.48
|0 0
|1 0
|4 0
|d 2016-02-16
|f 1
|l 0
|r 2026-02-23 23:56:53
|w 2026-02-23
|